ბათუმის შოთა რუსთაველის სახელმწიფო უნივერსიტეტის ბიბლიოთეკა

მინერალური სასუქების გავლენა ჩაის პლანტაციის ნიადაგის თვისებებსა და მოსავლიანობაზე. (ბიბ.ჩანაწერი № 44675)

000 -LEADER
fixed length control field 00982nam a2200205Ia 4500
001 - CONTROL NUMBER
control field 11478
003 - CONTROL NUMBER IDENTIFIER
control field GE_BSU
008 - FIXED-LENGTH DATA ELEMENTS--GENERAL INFORMATION
fixed length control field 181216s||||||||xx |||||||||||||| ||und||
040 ## - CATALOGING SOURCE
Transcribing agency GE_BSU
080 ## - UNIVERSAL DECIMAL CLASSIFICATION NUMBER
Universal Decimal Classification number 633.72:631.82
100 ## - MAIN ENTRY--PERSONAL NAME
Personal name გოლეთიანი,გ.
245 ## - TITLE STATEMENT
Title მინერალური სასუქების გავლენა ჩაის პლანტაციის ნიადაგის თვისებებსა და მოსავლიანობაზე.
245 ## - TITLE STATEMENT
Statement of responsibility, etc. რედ:დ.ფაილოძე.
260 ## - PUBLICATION, DISTRIBUTION, ETC.
Place of publication, distribution, etc. თბილისი.
260 ## - PUBLICATION, DISTRIBUTION, ETC.
Name of publisher, distributor, etc. საბჭოთა საქართველო.
260 ## - PUBLICATION, DISTRIBUTION, ETC.
Date of publication, distribution, etc. 1960.
300 ## - PHYSICAL DESCRIPTION
Extent 150გვ;20სმ.
653 ## - INDEX TERM--UNCONTROLLED
Uncontrolled term მინერალური სასუქების გავლენა ჩაის პლანტაციის ნიადაგის თვისებებსა და მოსავლიანობაზე.
942 ## - ADDED ENTRY ELEMENTS (KOHA)
Koha item type წიგნი
ეგზემპლარები
Withdrawn status Lost status Damaged status Not for loan Date acquired Barcode Date last seen Price effective from Koha item type
        2018-12-17 20247 2018-12-17 2018-12-17 წიგნი
        2018-12-17 20248 2018-12-17 2018-12-17 წიგნი